000 00807nam a2200289Ia 4500
001 71566
003 IT-RoPAU
008 130308s9999 xx 000 0 und d
040 _aIT-RoPAU
040 _cIT-RoPAU
041 _aINGLESE
100 _aMoreno Shirley
100 _gCodice Aut. SPICS: 24804
245 _aLight Writing on the Wall (The)-The Leeds Pavilion Project
245 _bPhotographic Practices-Towards a Different Image
250 _a1a ed.
260 _aLONDON
260 _bComedia Publishing Group
260 _c1986 [1° Ed.:1986 - Ed.Ling.Originale:1986]
300 _a"11 p. (prefazione: no ; testo: 11 [pagine: 113-123])"
650 _aTEORICHE FOTOGRAFICHE
650 _eCodice materia Spics: 6755
942 _cBK
957 _71
999 _c50739
_d50739
999 _bSI
999 _g1